Curso de física; primera parte: mecánica, calor, acústica /
Guardado en:
| Autor Principal: | |
|---|---|
| Formato: | Libro |
| Publicado: |
Buenos Aires :
Stella,
1967
|
| Edición: | 16a. ed. |
| Materias: | |
| Etiquetas: |
Agregar Etiqueta
Sin Etiquetas, Sea el primero en etiquetar este registro!
|
| LEADER | 00912nam a22002295a 4500 | ||
|---|---|---|---|
| 001 | CEM.cems006546 | ||
| 005 | 20060214000000.0 | ||
| 008 | 130507s1967##################000#0#####d | ||
| 003 | CEMS | ||
| 082 | 0 | 4 | |a 530 |
| 100 | 1 | |a Vidal, Jorge | |
| 245 | 1 | 0 | |a Curso de física; primera parte: mecánica, calor, acústica / |
| 250 | |a 16a. ed. | ||
| 260 | |a Buenos Aires : |b Stella, |c 1967 | ||
| 300 | |a 458 p. | ||
| 505 | 0 | |a El metodo cientifico. La teoria de la relatividad. La radiactividad y el atomismo. La teoria de los cuantos. La mecanica cuantica. Las particulas elementales. La estructura de la materia. La estructura del cosmos. Orientaciónes de la técnica. El significado filosofico de la física. Valor humano de la ciencia | |
| 653 | |a Calor | ||
| 653 | |a Cinematica | ||
| 653 | |a Dinamica | ||
| 653 | |a Física | ||
| 653 | |a Física 4to. año | ||
| 859 | |a CEMS |b BIB. CEMS - 11 de abril |h 530 |i V667a16/I |p 5314.78 |t Ej.1 | ||
